Countries Challenge Part 4 - Statistics

General Stats
  • This quiz has been taken 17 times
  • The average score is 11 of 15
Answer Stats
Picture Answer % Correct
Switzerland
100%
United Kingdom
100%
Greece
94%
Italy
94%
Palau
88%
Panama
88%
Slovenia
75%
Syria
75%
Dominica
63%
Honduras
63%
Kiribati
63%
Singapore
63%
Malawi
56%
Tuvalu
44%
Maldives
38%
No matching quizzes found
Score Distribution
Percent of People with Each Score
Percentile by Number Answered
Your Score History
You have not taken this quiz